| 000 | 01688nam0a2200349 4500 | ||
|---|---|---|---|
| 001 | RU\NLR\bibl\1012398 | ||
| 005 | 20250614231735.0 | ||
| 010 |
_a5-98461-255-0 _9100 |
||
| 021 |
_aRU _b2006-67556 _93396 |
||
| 035 | _a(NLR Aleph) 001000023 | ||
| 090 |
_a572729 _c572729 |
||
| 100 | _a20061122d2006 |||y0rusy50 ca | ||
| 101 | 0 | _arus | |
| 102 | _aRU | ||
| 105 | _aa ||||||||| | ||
| 200 | 1 |
_aУправление экономикой Волгоградской области в чрезвычайных ситуациях _fА.А. Вакарев _gФедер. агентство по образованию, МОУ "Волж. ин-т экономики, педагогики и права" |
|
| 210 |
_aВолгоград _cВолгоградское научное изд-во _d2006 |
||
| 215 |
_a481, [1] с. _cил. _d22 |
||
| 300 | _aПеред. вып. дан. авт.: Вакарев А.А., к.э.н., доц. | ||
| 320 | _aБиблиогр.: с. 435-459 (347 назв.) и в подстроч. примеч. | ||
| 606 | 1 |
_aЧрезвычайные ситуации _xБезопасность жизнедеятельности _yВолгоградская область _92457797 _3RU\NLR\auth\661460743 |
|
| 607 |
_aВолгоградская область _xНародное хозяйство _xУправление _92448928 _3RU\NLR\auth\661456211 |
||
| 686 | _aУ21(2)9(2Р-4Во) | ||
| 686 | _aЦ69,6(2Р-4Во)0 | ||
| 700 | 1 |
_aВакарев _bА. А. _gАлександр Алексеевич _4070 |
|
| 801 | 0 |
_aRU _bNLR _c20061122 _grcr |
|
| 801 | 1 |
_aRU _bNLR _c20061122 |
|
| 830 | _aпо ЭК | ||
| 942 | _cBOOK | ||
| 980 | _aNB | ||